书目信息 |
| 题名: |
图像处理、分析与机器视觉
|
|
| 作者: | 桑卡 , 赫拉瓦卡 , 博伊尔 著 ;艾海舟 , 兴军亮 译 | |
| 分册: | ||
| 出版信息: | 北京 清华大学出版社 2016.07 |
|
| 页数: | 25, 645页, [16] 页图版 | |
| 开本: | 26cm | |
| 丛书名: | 世界著名计算机教材精选 | |
| 单 册: | ||
| 中图分类: | TP391.413 , TP302.7 | |
| 科图分类: | ||
| 主题词: | 计算机视觉--ji suan ji shi jue--教材 , 图象处理--tu xiang chu li--教材 | |
| 电子资源: | ||
| ISBN: | 978-7-302-42685-1 | |
| 000 | 01557nam 2200373 450 | |
| 001 | 1014343 | |
| 005 | 20181123104411.39 | |
| 010 | @a978-7-302-42685-1@dCNY99.00 | |
| 098 | @a1014343 | |
| 100 | @a20171025d2016 em y0chiy50 ea | |
| 101 | 1 | @achi |
| 102 | @aCN@b110000 | |
| 105 | @aaf a 001yy | |
| 200 | 1 | @a图像处理、分析与机器视觉@Atu xiang chu li 、 fen xi yu ji qi shi jue@d= Image processing, analysis, and machine vision@fMilan Sonka, Vaclav Hlavac, Roger Boyle著@g兴军亮, 艾海舟等译@zeng |
| 210 | @a北京@c清华大学出版社@d2016.07 | |
| 215 | @a25, 645页, [16] 页图版@c图@d26cm | |
| 225 | 2 | @a世界著名计算机教材精选@Ashi jie zhu ming ji suan ji jiao cai jing xuan |
| 305 | @a据原书第4版译出 | |
| 314 | @aSonka规范汉译姓: 桑卡 Hlavac规范汉译姓: 赫拉瓦卡 Boyle规范汉译姓: 博伊尔 | |
| 320 | @a有书目和索引 | |
| 330 | @a本书共分为16章, 主要内容包括: 图像及其表达与性质、图像及其数学与物理背景、图像分析的数据结构、图像预处理、分割、形状表示与描述等。 | |
| 410 | 0 | @12001 @a世界著名计算机教材精选 |
| 510 | 1 | @aImage processing, analysis, and machine vision@zeng |
| 606 | 0 | @a计算机视觉@Aji suan ji shi jue@j教材 |
| 606 | 0 | @a图象处理@Atu xiang chu li@j教材 |
| 690 | @aTP391.413@v5 | |
| 690 | @aTP302.7@v5 | |
| 701 | 1 | @a桑卡@Asang ka@g(Sonka, Milan)@4著 |
| 701 | 1 | @a赫拉瓦卡@Ahe la wa ka@g(Hlavac, Vaclav)@4著 |
| 701 | 1 | @a博伊尔@Abo yi er@g(Boyle, Roger)@4著 |
| 702 | 0 | @a艾海舟@Aai hai zhou@4译 |
| 702 | 0 | @a兴军亮@Axing jun liang@4译 |
| 801 | 0 | @aCN@c20171025 |
| 905 | @a河南城建学院图书馆@dTP391.413@eS031@f2 | |
| 图像处理、分析与机器视觉= Image processing, analysis, and machine vision/Milan Sonka, Vaclav Hlavac, Roger Boyle著/兴军亮, 艾海舟等译.-北京:清华大学出版社,2016.07 |
| 25, 645页, [16] 页图版:图;26cm.-(世界著名计算机教材精选) |
| ISBN 978-7-302-42685-1:CNY99.00 |
| 本书共分为16章, 主要内容包括: 图像及其表达与性质、图像及其数学与物理背景、图像分析的数据结构、图像预处理、分割、形状表示与描述等。 |
| ● |
| 相关链接 |
|
|
|
正题名:图像处理、分析与机器视觉
索取号:TP391.413/S031
 
预约/预借
| 序号 | 登录号 | 条形码 | 馆藏地/架位号 | 状态 | 备注 |
| 1 | 1234581 | 212345817 | 测绘与城市空间信息学院资料室/ [索取号:TP391.413/S031] | 在馆 | |
| 2 | 1340928 | 213409284 | 自科库301/ [索取号:TP391.413/S031] | 在馆 | |
| 3 | 1340929 | 213409293 | 自科库301/301自科库 105排2列6层/ [索取号:TP391.413/S031] | 在馆 |